[Event "EU-ch rapid"]
[Site "Tallinn"]
[Date "2016.12.16"]
[Round "7"]
[White "Reshetnikov, Evgeny"]
[Black "Movsesian, Sergei"]
[Result "0-1"]
[WhiteElo "2296"]
[BlackElo "2673"]
[PlyCount "70"]
[EventDate "2016.12.15"]
[EventType "swiss (rapid)"]
[EventRounds "11"]
[EventCountry "EST"]
[SourceTitle "CBM 176 Extra"]
[Source "ChessBase"]
[SourceDate "2017.03.02"]
[SourceVersion "1"]
[SourceVersionDate "2017.03.02"]
[SourceQuality "1"]

1. d4 Nf6 2. Nf3 d6 3. Nc3 Nbd7 4. e4 e5 5. Bc4 Be7 6. 0-0 0-0 7. Re1 a6 8. a4 b6 9. h3 Bb7 10. b3 h6 11. Ba3 Re8 12. Re3 Bf8 13. d5 g6 14. Nh2 Bg7 15. Qf1 Nh7 16. Bd3 Rf8 17. Rg3 Nhf6 18. Be2 Nc5 19. Bxc5 dxc5 20. Rd1 Ne8 21. Ng4 Nd6 22. Ne3 Qe8 23. Bd3 f5 24. exf5 gxf5 25. f4 e4 26. Bc4 Kh7 27. Ne2 b5 28. b4 Nxc4 29. Nxc4 bxc4 30. bxc5 Rd8 31. d6 cxd6 32. cxd6 e3 33. d7 Rxd7 34. Rxd7 Qxd7 35. Rxe3 Re8 0-1

[Event "EU-ch rapid"]
[Site "Tallinn"]
[Date "2016.12.15"]
[Round "2"]
[White "Bartel, Mateusz"]
[Black "Reshetnikov, Evgeny"]
[Result "1-0"]
[WhiteElo "2641"]
[BlackElo "2296"]
[PlyCount "105"]
[EventDate "2016.12.15"]
[EventType "swiss (rapid)"]
[EventRounds "11"]
[EventCountry "EST"]
[SourceTitle "CBM 176 Extra"]
[Source "ChessBase"]
[SourceDate "2017.03.02"]
[SourceVersion "1"]
[SourceVersionDate "2017.03.02"]
[SourceQuality "1"]

1. Nf3 Nf6 2. g3 d5 3. Bg2 c6 4. 0-0 Bf5 5. c4 h6 6. cxd5 cxd5 7. Nc3 Nc6 8. d3 e6 9. Qa4 Nd7 10. e4 Nc5 11. Qc2 Bh7 12. Rd1 Be7 13. a3 d4 14. Na4 Nxa4 15. Qxa4 0-0 16. Bf4 Bd6 17. Bxd6 Qxd6 18. Rac1 f5 19. e5 Nxe5 20. Nxe5 Qxe5 21. Re1 Qd6 22. f4 Rac8 23. Bxb7 Rxc1 24. Rxc1 e5 25. Qc6 Qxc6 26. Bxc6 exf4 27. gxf4 g5 28. Kf2 gxf4 29. Kf3 a5 30. b4 axb4 31. axb4 Kf7 32. Rc4 Ke6 33. b5 Rb8 34. Kxf4 Bg6 35. Rxd4 Be8 36. Bxe8 Rxe8 37. b6 Rb8 38. Rb4 Kd6 39. b7 Kc7 40. h4 h5 41. Kxf5 Rf8+ 42. Kg6 Kb8 43. Kxh5 Rg8 44. Kh6 Rg3 45. d4 Rg4 46. h5 Rg1 47. Rb5 Rg4 48. d5 Rg1 49. d6 Rd1 50. Rb6 Rg1 51. d7 Rd1 52. Rg6 Ka7 53. b8Q+ 1-0

[Event "EU-ch rapid"]
[Site "Minsk"]
[Date "2015.12.20"]
[Round "11"]
[White "Reshetnikov, Evgeny"]
[Black "Loginov, Valery A"]
[Result "0-1"]
[WhiteElo "2296"]
[BlackElo "2486"]
[PlyCount "156"]
[EventDate "2015.12.19"]
[EventType "swiss (rapid)"]
[EventRounds "11"]
[EventCountry "BLR"]
[SourceTitle "EXT 2017"]
[Source "ChessBase"]
[SourceDate "2016.10.25"]
[SourceVersion "1"]
[SourceVersionDate "2016.10.25"]
[SourceQuality "1"]

1. e4 c5 2. Nf3 d6 3. d4 cxd4 4. Nxd4 Nf6 5. Nc3 Nc6 6. Be2 e5 7. Nb3 Be7 8. 0-0 0-0 9. f4 a5 10. a4 Nb4 11. Kh1 Be6 12. Be3 Rc8 13. Bf3 Bc4 14. Rf2 exf4 15. Bxf4 Qb6 16. Qd4 Qxd4 17. Nxd4 d5 18. Rd2 Bc5 19. Nf5 d4 20. Nb5 d3 21. cxd3 Nxd3 22. Bd6 Bxb5 23. Ne7+ Kh8 24. Nxc8 Rxc8 25. Bxc5 Nxc5 26. Rad1 Bxa4 27. Rd8+ Rxd8 28. Rxd8+ Ne8 29. e5 g6 30. Rc8 b6 31. Rb8 Kg7 32. Rxb6 Nc7 33. Rb8 Bb3 34. Rc8 N7e6 35. Ra8 a4 36. Bc6 Nd3 37. Bxa4 Bxa4 38. Rxa4 Nxb2 39. Re4 Nd3 40. Kg1 g5 41. h4 Kg6 42. hxg5 Kf5 43. Ra4 Nxe5 44. Ra5 Nxg5 45. Rb5 f6 46. Ra5 Ne4 47. Ra4 h5 48. Rb4 Ng4 49. Rb5+ Kg6 50. Ra5 f5 51. Ra6+ Kg5 52. Ra4 Ne3 53. Ra3 Nc4 54. Ra4 Ne5 55. Ra5 Nd3 56. Ra3 Nf4 57. Ra8 Ne2+ 58. Kf1 N2g3+ 59. Kg1 Kf4 60. Ra4 Ne2+ 61. Kf1 N2c3 62. Ra3 Nd5 63. Rf3+ Kg4 64. Ra3 f4 65. Ra8 Ne3+ 66. Kg1 Kg3 67. Rh8 h4 68. Rg8+ Ng4 69. Rg7 Nc3 70. Kf1 Nd5 71. Kg1 Nde3 72. Rg8 Nxg2 73. Kh1 N2e3 74. Kg1 f3 75. Rf8 Nd5 76. Kh1 Nf4 77. Ra8 h3 78. Ra3 Nf2+ 0-1

[Event "EU-ch blitz"]
[Site "Minsk"]
[Date "2015.12.18"]
[Round "3.7"]
[White "Bortnyk, Olexandr"]
[Black "Reshetnikov, Evgeny"]
[Result "1-0"]
[WhiteElo "2552"]
[BlackElo "2296"]
[PlyCount "45"]
[EventDate "2015.12.18"]
[EventType "swiss (blitz)"]
[EventRounds "22"]
[EventCountry "BLR"]
[SourceTitle "EXT 2017"]
[Source "ChessBase"]
[SourceDate "2016.10.25"]
[SourceVersion "1"]
[SourceVersionDate "2016.10.25"]
[SourceQuality "1"]

1. e4 c5 2. c3 d5 3. exd5 Qxd5 4. d4 Nc6 5. Be3 cxd4 6. cxd4 e5 7. Nc3 Bb4 8. Nf3 Bg4 9. dxe5 Qxd1+ 10. Rxd1 Bxf3 11. gxf3 Nxe5 12. Bb5+ Nc6 13. Rg1 Nge7 14. Rxg7 Nf5 15. Rg4 Nxe3 16. fxe3 Bc5 17. Re4+ Kf8 18. Rd7 Nd8 19. Nd5 a6 20. Bc4 b5 21. Bb3 Ne6 22. Nc7 Nxc7 23. Rxf7+ 1-0

[Event "Lazy op 7th"]
[Site "Lazy"]
[Date "2011.06.30"]
[Round "6.8"]
[White "Mulet, Piotr"]
[Black "Reshetnikov, Evgeny"]
[Result "0-1"]
[WhiteElo "2321"]
[BlackElo "2295"]
[PlyCount "146"]
[EventDate "2011.06.25"]
[EventType "swiss"]
[EventRounds "9"]
[EventCountry "POL"]
[SourceTitle "EXT 2012"]
[Source "ChessBase"]
[SourceDate "2011.11.24"]
[SourceVersion "1"]
[SourceVersionDate "2011.11.24"]
[SourceQuality "1"]

1. e4 c5 2. Nf3 Nc6 3. c3 d5 4. exd5 Qxd5 5. d4 Bg4 6. Be2 e6 7. h3 Bh5 8. 0-0 Nf6 9. Be3 cxd4 10. cxd4 Bb4 11. a3 Ba5 12. b4 Bb6 13. Nc3 Qd6 14. Nb5 Qb8 15. Ne5 Bxe2 16. Qxe2 Nd5 17. Qg4 Nxe5 18. dxe5 Qxe5 19. Bxb6 Nxb6 20. a4 0-0 21. Rfe1 Qf6 22. Nd6 Nd5 23. b5 a6 24. bxa6 Rxa6 25. Qg3 b6 26. Ra3 Qf4 27. Qxf4 Nxf4 28. Rb1 Nd5 29. Rc1 h5 30. Rb1 Rfa8 31. Nc4 Rxa4 32. Rxa4 Rxa4 33. Nxb6 Rb4 34. Rxb4 Nxb4 35. Nc4 h4 36. Kf1 g5 37. Ke2 Nd5 38. Kf3 Kg7 39. g3 hxg3 40. Kxg3 f5 41. Ne5 Kf6 42. Nd7+ Kg6 43. Ne5+ Kh5 44. Nf3 Nc3 45. Ne5 Ne4+ 46. Kg2 Nf6 47. Kg3 Nd5 48. Nd7 Ne7 49. Nf6+ Kg6 50. Nd7 Nd5 51. Ne5+ Kf6 52. Nd7+ Ke7 53. Ne5 Nf6 54. Kg2 Nd7 55. Nd3 Kf6 56. Kg3 Ne5 57. Nc5 f4+ 58. Kg2 Nc4 59. f3 Nd6 60. Kh2 Ke5 61. Kg2 Kf5 62. h4 gxh4 63. Kh3 Nf7 64. Nb3 Ng5+ 65. Kxh4 Nxf3+ 66. Kh3 e5 67. Kg2 e4 68. Nc5 Ne1+ 69. Kf1 Nd3 70. Nb3 f3 71. Nd4+ Ke5 72. Nc2 Kf4 73. Nd4 e3 0-1

[Event "Lazy op-A 6th"]
[Site "Lazy"]
[Date "2010.07.02"]
[Round "7"]
[White "Skalik, Przemyslaw"]
[Black "Reshetnikov, Evgeny"]
[Result "1/2-1/2"]
[WhiteElo "2390"]
[BlackElo "2280"]
[PlyCount "21"]
[EventDate "2010.06.27"]
[EventType "swiss"]
[EventRounds "9"]
[EventCountry "POL"]
[SourceTitle "CBM 137 Extra"]
[Source "ChessBase"]
[SourceDate "2010.09.01"]
[SourceVersion "1"]
[SourceVersionDate "2010.09.01"]
[SourceQuality "1"]

1. Nf3 Nf6 2. c4 e6 3. Nc3 d5 4. d4 Nbd7 5. Bg5 Bb4 6. cxd5 exd5 7. Rc1 c5 8. dxc5 Qa5 9. Bd2 Bxc5 10. e3 Qd8 11. Be2 1/2-1/2

[Event "Lazy op-A 6th"]
[Site "Lazy"]
[Date "2010.06.28"]
[Round "2"]
[White "Orzech, Dominik"]
[Black "Reshetnikov, Evgeny"]
[Result "1/2-1/2"]
[WhiteElo "2425"]
[BlackElo "2280"]
[PlyCount "63"]
[EventDate "2010.06.27"]
[EventType "swiss"]
[EventRounds "9"]
[EventCountry "POL"]
[SourceTitle "CBM 137 Extra"]
[Source "ChessBase"]
[SourceDate "2010.09.01"]
[SourceVersion "1"]
[SourceVersionDate "2010.09.01"]
[SourceQuality "1"]

1. Nf3 Nf6 2. c4 e6 3. Nc3 d5 4. d4 Nbd7 5. Bg5 Bb4 6. cxd5 exd5 7. Qa4 c5 8. dxc5 Bxc3+ 9. bxc3 0-0 10. Qd4 Re8 11. Nd2 h6 12. Bxf6 Nxf6 13. e3 Be6 14. Bd3 Qc7 15. 0-0 Rec8 16. Rab1 Rab8 17. Rb5 a6 18. Rb3 Nd7 19. c6 Qxc6 20. Rfb1 b5 21. Rc1 Nc5 22. Rb2 Na4 23. Rbc2 Rc7 24. Nb3 Rbc8 25. Qe5 Nc5 26. Be2 Nd7 27. Qf4 Qb6 28. Nd4 Nc5 29. Qe5 Nd7 30. Qf4 Nc5 31. Qe5 Nd7 32. Qf4 1/2-1/2

[Event "Lazy op-A 6th"]
[Site "Lazy"]
[Date "2010.06.27"]
[Round "1"]
[White "Reshetnikov, Evgeny"]
[Black "Jurkowski, Marcin"]
[Result "1-0"]
[WhiteElo "2280"]
[BlackElo "1996"]
[PlyCount "67"]
[EventDate "2010.06.27"]
[EventType "swiss"]
[EventRounds "9"]
[EventCountry "POL"]
[SourceTitle "CBM 137 Extra"]
[Source "ChessBase"]
[SourceDate "2010.09.01"]
[SourceVersion "1"]
[SourceVersionDate "2010.09.01"]
[SourceQuality "1"]

1. e4 c5 2. Nf3 d6 3. d4 cxd4 4. Nxd4 Nf6 5. Nc3 a6 6. a4 e5 7. Nb3 Be6 8. Be2 Be7 9. 0-0 0-0 10. Be3 Nc6 11. Bf3 Nb4 12. Qe2 d5 13. Nxd5 Nfxd5 14. exd5 Bxd5 15. Bxd5 Qxd5 16. Rfd1 Qc6 17. Na5 Qc7 18. Nc4 Bc5 19. Bg5 Rac8 20. Bf6 gxf6 21. Qg4+ Kh8 22. Qf5 Qc6 23. Nd6 Bxd6 24. Qxf6+ Kg8 25. Rxd6 Qe4 26. Qg5+ Kh8 27. Qf6+ Kg8 28. Rd3 Rfe8 29. Re3 Qxc2 30. Rg3+ Kf8 31. Qg7+ Ke7 32. Qxe5+ Kd7 33. Qd5+ Ke7 34. Re1+ 1-0

[Event "Lazy op-A 6th"]
[Site "Lazy"]
[Date "2010.??.??"]
[Round "9"]
[White "Reshetnikov, Evgeny"]
[Black "Malisauskas, Vidmantas"]
[Result "1/2-1/2"]
[WhiteElo "2280"]
[BlackElo "2503"]
[PlyCount "27"]
[EventDate "2010.06.27"]
[EventType "swiss"]
[EventRounds "9"]
[EventCountry "POL"]
[SourceTitle "CBM 137 Extra"]
[Source "ChessBase"]
[SourceDate "2010.09.01"]
[SourceVersion "1"]
[SourceVersionDate "2010.09.01"]
[SourceQuality "1"]

1. d4 Nf6 2. c4 e6 3. Nf3 d5 4. Nc3 c6 5. cxd5 exd5 6. Bg5 Nbd7 7. e3 Be7 8. Bd3 Nf8 9. 0-0 Ne6 10. Bh4 g6 11. Rb1 Ng7 12. b4 a6 13. a4 Nf5 14. Bg5 1/2-1/2

[Event "Lazy op-A 5th"]
[Site "Lazy"]
[Date "2009.06.27"]
[Round "8"]
[White "Sergeev, Vladimir"]
[Black "Reshetnikov, Evgeny"]
[Result "1-0"]
[WhiteElo "2479"]
[BlackElo "2287"]
[PlyCount "117"]
[EventDate "2009.06.21"]
[EventType "swiss"]
[EventRounds "9"]
[EventCountry "POL"]
[SourceTitle "CBM 131 Extra"]
[Source "ChessBase"]
[SourceDate "2009.09.03"]
[SourceVersion "2"]
[SourceVersionDate "2009.09.16"]
[SourceQuality "1"]

1. Nf3 Nf6 2. d4 g6 3. Bf4 Bg7 4. e3 0-0 5. Be2 d5 6. 0-0 c5 7. c3 Nbd7 8. h3 b6 9. b4 Ne4 10. bxc5 bxc5 11. Qb3 c4 12. Qa3 Re8 13. Rd1 Qb6 14. Nbd2 Nxd2 15. Rxd2 Qa6 16. Qb4 Bf8 17. Qb2 Nf6 18. a4 Ne4 19. Rc2 f6 20. a5 Bd7 21. Rcc1 e6 22. Nd2 Nxd2 23. Qxd2 Bd6 24. e4 Rab8 25. Bf3 Rb5 26. Re1 dxe4 27. Bxe4 Reb8 28. Bxd6 Qxd6 29. Qe2 Qc7 30. a6 R8b6 31. h4 Kg7 32. g3 Rb3 33. Qe3 Bc6 34. Bxc6 Qxc6 35. Ra5 R3b5 36. Rxb5 Qxb5 37. Qf4 Qc6 38. d5 Qc8 39. dxe6 Rxe6 40. Rxe6 Qxe6 41. Qc7+ Qf7 42. Qc6 f5 43. Kg2 h5 44. Kf3 Kh6 45. Kf4 Qg8 46. Ke3 Qf7 47. Kd4 f4 48. Qd6 fxg3 49. fxg3 Qf2+ 50. Kxc4 Qe2+ 51. Kc5 Qe3+ 52. Qd4 Qe7+ 53. Kc6 Qe6+ 54. Kb7 Kh7 55. Kxa7 Qc6 56. Qe5 g5 57. hxg5 h4 58. gxh4 Qc8 59. Qe4+ 1-0

[Event "Lazy op-A 5th"]
[Site "Lazy"]
[Date "2009.06.26"]
[Round "7"]
[White "Reshetnikov, Evgeny"]
[Black "Weichhold, Pawel"]
[Result "1/2-1/2"]
[WhiteElo "2287"]
[BlackElo "2119"]
[PlyCount "168"]
[EventDate "2009.06.21"]
[EventType "swiss"]
[EventRounds "9"]
[EventCountry "POL"]
[SourceTitle "CBM 131 Extra"]
[Source "ChessBase"]
[SourceDate "2009.09.03"]
[SourceVersion "2"]
[SourceVersionDate "2009.09.16"]
[SourceQuality "1"]

1. e4 c5 2. Nf3 g6 3. d4 Bg7 4. Nc3 cxd4 5. Nxd4 Nc6 6. Be3 Nf6 7. Be2 0-0 8. 0-0 d5 9. exd5 Nb4 10. d6 Qxd6 11. Ncb5 Qb8 12. c4 Bd7 13. Qb3 Na6 14. Qa3 e5 15. Nb3 Ng4 16. Bg5 e4 17. Qd6 Qc8 18. h3 Be5 19. Qd5 Bc6 20. Bxg4 Bxd5 21. Bxc8 Bxc4 22. Bxb7 Bxb5 23. Bxa8 Bxf1 24. Bxe4 Bc4 25. Na5 Be6 26. Nc6 Bxb2 27. Rb1 Bg7 28. a3 Ba2 29. Rd1 Bb3 30. Rb1 Ba2 31. Rd1 Bb3 32. Rc1 h6 33. Be3 Nb8 34. Nxb8 Rxb8 35. Rb1 Re8 36. Rxb3 Rxe4 37. Rb8+ Kh7 38. Rb7 f5 39. Bxa7 Kg8 40. g3 Bf8 41. Be3 Ra4 42. Rb8 Kf7 43. h4 h5 44. Rb7+ Kg8 45. Kg2 Bxa3 46. Bh6 Ra6 47. Kf3 Rf6 48. Rg7+ Kh8 49. Rc7 Kg8 50. Rg7+ Kh8 51. Ra7 Bc5 52. Rc7 Bd6 53. Rd7 Kg8 54. Rg7+ Kh8 55. Rd7 Kg8 56. Be3 Bf8 57. Rd8 Kh7 58. Rc8 Rf7 59. Bd4 Bg7 60. Bc5 Rb7 61. Kf4 Rd7 62. Rc6 Rf7 63. Bb4 Bh6+ 64. Kf3 Bg7 65. Re6 Rb7 66. Bc5 Rc7 67. Be3 Rb7 68. Bb6 Rd7 69. Ke3 Rb7 70. Kf4 Rd7 71. Bc5 Bh6+ 72. Kf3 Bg7 73. Be7 Ra7 74. Bc5 Rc7 75. Be3 Rd7 76. Ke2 Rb7 77. Kd3 Rc7 78. Bb6 Rd7+ 79. Kc4 Rf7 80. Be3 Bh6 81. Kd4 Rd7+ 82. Ke5 Bg7+ 83. Kf4 Bh6+ 84. Kf3 Bg7 1/2-1/2

[Event "Lazy op-A 5th"]
[Site "Lazy"]
[Date "2009.06.25"]
[Round "6"]
[White "Adamowicz, Katarzyna"]
[Black "Reshetnikov, Evgeny"]
[Result "1/2-1/2"]
[WhiteElo "2122"]
[BlackElo "2287"]
[PlyCount "26"]
[EventDate "2009.06.21"]
[EventType "swiss"]
[EventRounds "9"]
[EventCountry "POL"]
[SourceTitle "CBM 131 Extra"]
[Source "ChessBase"]
[SourceDate "2009.09.03"]
[SourceVersion "2"]
[SourceVersionDate "2009.09.16"]
[SourceQuality "1"]

1. e4 c5 2. Nf3 Nc6 3. d4 cxd4 4. Nxd4 e5 5. Nb5 a6 6. Nd6+ Bxd6 7. Qxd6 Qf6 8. Qxf6 Nxf6 9. Nc3 d5 10. Nxd5 Nxd5 11. exd5 Nb4 12. Kd2 Bf5 13. c4 Nc2 1/2-1/2

[Event "Perla Baltyku op-A 3rd"]
[Site "Mielno"]
[Date "2007.06.23"]
[Round "7"]
[White "Brodowski, Piotr"]
[Black "Reshetnikov, Evgeny"]
[Result "1-0"]
[WhiteElo "2364"]
[BlackElo "2302"]
[PlyCount "67"]
[EventDate "2007.06.18"]
[EventType "swiss"]
[EventRounds "9"]
[EventCountry "POL"]
[SourceTitle "CBM 119 Extra"]
[Source "ChessBase"]
[SourceDate "2007.09.04"]
[SourceVersion "1"]
[SourceVersionDate "2007.09.04"]
[SourceQuality "1"]

1. d4 Nf6 2. Nf3 e6 3. g3 d5 4. Bg2 Be7 5. 0-0 0-0 6. c4 dxc4 7. Qa4 c5 8. Rd1 Nbd7 9. Qxc4 Qb6 10. Nc3 cxd4 11. Nxd4 a6 12. Be3 Qxb2 13. a3 Ne5 14. Qc7 Bd8 15. Qxe5 Qxc3 16. Rdc1 Qa5 17. Rc5 Qa4 18. Qd6 Qe8 19. Rxc8 Rxc8 20. Bxb7 Rc3 21. Nc6 Ne4 22. Qxd8 Qxd8 23. Nxd8 Nd6 24. Bg5 f6 25. Nxe6 Rb8 26. Bf4 Rxb7 27. Bxd6 Rb6 28. Bb4 Rc4 29. Nc5 Rc6 30. Nb3 Rc2 31. Rd1 Rc8 32. e3 Rb2 33. Rd3 Rcc2 34. Nd2 1-0

[Event "Moscow Aeroflot op-C"]
[Site "Moscow"]
[Date "2006.02.14"]
[Round "8"]
[White "Stets, Vasilij"]
[Black "Reshetnikov, Evgeny"]
[Result "1/2-1/2"]
[WhiteElo "2374"]
[BlackElo "2301"]
[PlyCount "120"]
[EventDate "2006.02.07"]
[EventType "swiss"]
[EventRounds "9"]
[EventCountry "RUS"]
[SourceTitle "EXT 2007"]
[Source "ChessBase"]
[SourceDate "2006.11.23"]
[SourceVersion "1"]
[SourceVersionDate "2006.11.23"]
[SourceQuality "1"]

1. e4 c5 2. Nf3 Nc6 3. c3 d5 4. Bb5 dxe4 5. Ne5 Qd5 6. Bxc6+ bxc6 7. Qa4 Bb7 8. Nc4 Nf6 9. Nba3 e6 10. Na5 Qd7 11. N3c4 Qc7 12. 0-0 Be7 13. g3 Nd7 14. Qc2 Nf6 15. Qa4 Nd7 16. Re1 Nb6 17. Qc2 Ba6 18. Qxe4 Nxc4 19. Nxc4 Bxc4 20. Qxc4 h5 21. d4 cxd4 22. Qxd4 Bf6 23. Qc5 Be7 24. Qc4 h4 25. Bf4 Qb6 26. Rad1 hxg3 27. hxg3 Qb5 28. Qe2 Rc8 29. Qe5 Qxe5 30. Rxe5 Rd8 31. Rxd8+ Bxd8 32. Re4 Rh5 33. Be5 f6 34. Bd4 c5 35. Be3 Kf7 36. Ra4 Bb6 37. c4 Rh8 38. b4 Rc8 39. b5 Rd8 40. Ra6 Rd1+ 41. Kg2 Ra1 42. a4 Ra2 43. a5 Rxa5 44. Rxa5 Bxa5 45. Bxc5 Bb6 46. Bd6 Bd4 47. f4 Ke8 48. Kf3 Kd7 49. Bf8 g6 50. g4 f5 51. gxf5 gxf5 52. Ke2 Kc7 53. c5 Kb7 54. Kd3 Bf2 55. Bd6 Bg1 56. Kc4 Bf2 57. c6+ Kb6 58. Be5 a6 59. bxa6 Kxa6 60. Bd4 Bh4 1/2-1/2

[Event "Moscow Aeroflot op-C"]
[Site "Moscow"]
[Date "2006.02.11"]
[Round "5"]
[White "Reshetnikov, Evgeny"]
[Black "Nedochetov, Mikhail"]
[Result "1-0"]
[WhiteElo "2301"]
[BlackElo "2372"]
[PlyCount "63"]
[EventDate "2006.02.07"]
[EventType "swiss"]
[EventRounds "9"]
[EventCountry "RUS"]
[SourceTitle "EXT 2007"]
[Source "ChessBase"]
[SourceDate "2006.11.23"]
[SourceVersion "1"]
[SourceVersionDate "2006.11.23"]
[SourceQuality "1"]

1. e4 c6 2. d4 d5 3. exd5 cxd5 4. c4 Nf6 5. Nc3 g6 6. Qb3 Bg7 7. cxd5 0-0 8. Be2 Na6 9. Bf3 Qb6 10. Qxb6 axb6 11. Nge2 Nb4 12. 0-0 Rd8 13. d6 Rxd6 14. Bf4 Rd7 15. Rfd1 Nfd5 16. Bg3 Nxc3 17. bxc3 Nd5 18. Rab1 Rxa2 19. c4 Rxe2 20. cxd5 Ra2 21. Rxb6 Rc2 22. Rbb1 Rc4 23. Be5 f6 24. Bf4 Kf8 25. Rdc1 Rxc1+ 26. Rxc1 Rd8 27. Bc7 Re8 28. d6 exd6 29. Bxd6+ Kg8 30. Bd5+ Kh8 31. Bf7 Bh6 32. f4 1-0

[Event "Wloclawek Weekend Classic 1st"]
[Site "Wloclawek"]
[Date "2006.??.??"]
[Round "3"]
[White "Rybak, Tomasz"]
[Black "Reshetnikov, Evgeny"]
[Result "1-0"]
[WhiteElo "2206"]
[BlackElo "2341"]
[PlyCount "51"]
[EventDate "2006.08.??"]
[EventType "swiss"]
[EventRounds "5"]
[EventCountry "POL"]
[SourceTitle "EXT 2007"]
[Source "ChessBase"]
[SourceDate "2006.11.23"]
[SourceVersion "1"]
[SourceVersionDate "2006.11.23"]
[SourceQuality "1"]

1. e4 c5 2. Nf3 e6 3. d4 cxd4 4. Nxd4 a6 5. Bd3 Nf6 6. 0-0 d6 7. Nc3 Be7 8. Be3 0-0 9. f4 Qc7 10. g4 Re8 11. g5 Nfd7 12. Qh5 g6 13. Qh6 Bf8 14. Qh4 Bg7 15. Rf3 Nc6 16. Nde2 Qd8 17. f5 Nde5 18. Rh3 h6 19. f6 Bf8 20. Kh1 d5 21. Bc5 h5 22. Bxf8 Rxf8 23. Nf4 Nxd3 24. cxd3 e5 25. Nxh5 Bxh3 26. Nf4 1-0

[Event "Geller Memorial op"]
[Site "Moscow"]
[Date "2001.??.??"]
[Round "4"]
[White "Belov, Vladimir"]
[Black "Reshetnikov, Evgeny"]
[Result "1-0"]
[WhiteElo "2424"]
[BlackElo "2248"]
[PlyCount "111"]
[EventDate "2001.10.26"]
[EventType "swiss"]
[EventRounds "9"]
[EventCountry "RUS"]
[SourceTitle "EXT 2002"]
[Source "ChessBase"]
[SourceDate "2001.11.25"]
[SourceVersion "1"]
[SourceVersionDate "2001.11.25"]
[SourceQuality "1"]

1. e4 c5 2. Nf3 Nc6 3. d4 cxd4 4. Nxd4 e5 5. Nb5 a6 6. Nd6+ Bxd6 7. Qxd6 Qf6 8. Qxf6 Nxf6 9. Nc3 d5 10. exd5 Nb4 11. Bd3 Nxd3+ 12. cxd3 Bf5 13. Bg5 Bxd3 14. 0-0-0 Bg6 15. f4 Ng4 16. Rhe1 Nf2 17. Rxe5+ Kf8 18. Be7+ Kg8 19. Rd4 Nd3+ 20. Kd2 Nxe5 21. fxe5 Bf5 22. d6 h5 23. d7 Bxd7 24. Rxd7 b5 25. Nd5 h4 26. Bd6 Rh5 27. Ke3 Rg5 28. Nf4 Rc8 29. Re7 Rc7 30. Bxc7 Kf8 31. Ke4 Kxe7 32. Bd6+ Kd7 33. Bb4 h3 34. g3 Rxg3 35. Be1 Rg1 36. Bf2 Rh1 37. Bg3 Rb1 38. Nd3 Kc6 39. Kd4 a5 40. a3 Rf1 41. Nf2 Rc1 42. Kd3 b4 43. axb4 axb4 44. Nxh3 b3 45. Ng5 f6 46. exf6 gxf6 47. Nf3 Kd5 48. Be1 f5 49. h4 Rd1+ 50. Ke2 Rb1 51. Bc3 Rh1 52. Ke3 Rf1 53. Be1 Ke6 54. Ke2 Rh1 55. Kf2 f4 56. Kg2 1-0

[Event "Petrov Memorial op"]
[Site "St Petersburg"]
[Date "2000.02.10"]
[Round "4"]
[White "Ovod, Evgenija"]
[Black "Reshetnikov, Evgeny"]
[Result "1-0"]
[WhiteElo "2318"]
[BlackElo "2205"]
[PlyCount "87"]
[EventDate "2000.02.05"]
[EventType "swiss"]
[EventRounds "9"]
[EventCountry "RUS"]
[SourceTitle "CBM 076"]
[Source "ChessBase"]
[SourceDate "2000.05.31"]
[SourceVersion "1"]
[SourceVersionDate "2000.05.31"]
[SourceQuality "1"]

1. d4 Nf6 2. Nf3 e6 3. Bg5 d5 4. e3 Nbd7 5. c4 Bb4+ 6. Nc3 c5 7. cxd5 exd5 8. Bd3 c4 9. Bf5 Nc5 10. Bc2 Ne6 11. Ba4+ Kf8 12. Bxf6 Bxc3+ 13. bxc3 gxf6 14. 0-0 Qa5 15. Rc1 Rg8 16. Bc2 Qxa2 17. Qd2 Qa3 18. e4 Qd6 19. Qh6+ Rg7 20. e5 fxe5 21. Nxe5 Qe7 22. f4 f6 23. Ng4 Nxd4 24. cxd4 Bxg4 25. Rce1 Qf7 26. Bxh7 Re8 27. f5 Re4 28. Rxe4 dxe4 29. Rf4 Bf3 30. Bg6 Qe7 31. gxf3 exf3 32. Rxf3 Qe1+ 33. Rf1 Qe7 34. Qf4 Qd8 35. h4 Rd7 36. h5 Rxd4 37. Qh6+ Ke7 38. Re1+ Kd6 39. Re8 Qc7 40. Qf8+ Kd5 41. Bf7+ Kc6 42. Rc8 Rd1+ 43. Kf2 Rd2+ 44. Ke1 1-0

[Event "Petrov Memorial op"]
[Site "St Petersburg"]
[Date "2000.02.08"]
[Round "2"]
[White "Tolstikh, Nikolay"]
[Black "Reshetnikov, Evgeny"]
[Result "1/2-1/2"]
[WhiteElo "2419"]
[BlackElo "2205"]
[PlyCount "124"]
[EventDate "2000.02.05"]
[EventType "swiss"]
[EventRounds "9"]
[EventCountry "RUS"]
[SourceTitle "CBM 076"]
[Source "ChessBase"]
[SourceDate "2000.05.31"]
[SourceVersion "1"]
[SourceVersionDate "2000.05.31"]
[SourceQuality "1"]

1. Nf3 Nf6 2. c4 e6 3. Nc3 d5 4. d4 Nbd7 5. Qc2 Bb4 6. cxd5 exd5 7. Bg5 h6 8. Bh4 c5 9. e3 c4 10. Be2 Qa5 11. Nd2 0-0 12. 0-0 Re8 13. Bf3 Bxc3 14. bxc3 Qa3 15. e4 Nxe4 16. Nxe4 dxe4 17. Bxe4 Nb6 18. Rfe1 Bd7 19. Bxb7 Rxe1+ 20. Rxe1 Rb8 21. Bf3 Na4 22. Bg3 Rb2 23. Qe4 Nxc3 24. Qa8+ Kh7 25. h4 Rxa2 26. Kh2 Rd2 27. d5 Qc5 28. Qb7 Qb5 29. Qxa7 Nxd5 30. Be4+ f5 31. Rb1 Qa4 32. Qxa4 Bxa4 33. Bxf5+ Kg8 34. Bg6 Bb3 35. Re1 Nf6 36. Re7 Rd7 37. Re6 Rd8 38. Rc6 Nd5 39. Rc5 Ne7 40. Be4 Rc8 41. Rxc8+ Nxc8 42. Bd5+ Kf8 43. Be6 Ne7 44. Bd6 Ke8 45. Be5 Kf8 46. Kg3 Ng6 47. Bd6+ Ke8 48. f3 Nf8 49. Bd5 Ng6 50. h5 Ne7 51. Be6 Nc6 52. Bc5 Na5 53. Bb4 c3 54. Bxc3 Bxe6 55. Bxg7 Nc6 56. Bxh6 Nd4 57. Kf2 Bd5 58. f4 Be6 59. Bg7 Nf5 60. h6 Kf7 61. g4 Nxh6 62. Bxh6 Bxg4 1/2-1/2

[Event "Petrov Memorial op"]
[Site "St Petersburg"]
[Date "2000.02.07"]
[Round "1"]
[White "Reshetnikov, Evgeny"]
[Black "Sivokho, Sergey V"]
[Result "1/2-1/2"]
[WhiteElo "2205"]
[BlackElo "2436"]
[PlyCount "78"]
[EventDate "2000.02.05"]
[EventType "swiss"]
[EventRounds "9"]
[EventCountry "RUS"]
[SourceTitle "CBM 076"]
[Source "ChessBase"]
[SourceDate "2000.05.31"]
[SourceVersion "1"]
[SourceVersionDate "2000.05.31"]
[SourceQuality "1"]

1. d4 Nf6 2. c4 c5 3. d5 b5 4. cxb5 a6 5. Nc3 Qa5 6. b6 d6 7. Bd2 Qxb6 8. Qc2 g6 9. e4 Bg7 10. Nf3 0-0 11. Be2 e6 12. dxe6 Bxe6 13. 0-0 Nc6 14. Bf4 Rfd8 15. Rfd1 Nb4 16. Qc1 d5 17. a3 dxe4 18. axb4 exf3 19. Bxf3 Rxd1+ 20. Nxd1 Rc8 21. bxc5 Rxc5 22. Rxa6 Qxa6 23. Qxc5 Qa4 24. Qc1 Nd5 25. Bd2 Qb3 26. Bxd5 Qxd5 27. Ne3 Qb3 28. Bc3 Bh6 29. Qd2 Qb6 30. Nd5 Bxd2 31. Nxb6 Bf4 32. Na4 Bd6 33. b4 Bd7 34. Nb6 Bb5 35. Nd5 Kf8 36. f3 h5 37. Nf6 Ke7 38. g3 Ke6 39. Kf2 Bxb4 1/2-1/2